Statistics for Portugal A-Z

Click here to take the quiz!

General Stats

  • This quiz has been taken 193 times
  • The average score is 17 of 24

Answer Stats

ClueAnswer% Correct
LCapital cityLisbon
97%
PSecond most populous cityPorto
94%
BCountry colonized in 1500Brazil
94%
AAtlantic archipelagosAzores
93%
IPeninsula on which Portugal sitsIberia
92%
VFirst name of da GamaVasco
89%
RFIFA Footballer of 2008 and 2013Ronaldo
87%
GColony returned to India in 1961Goa
84%
KAlfonso, Manuel, Philip etc.Kings
83%
NMilitary alliance co-founded in 1949NATO
79%
JPortuguese version of "John"João
77%
MMuslim group that once
ruled Portugal
Moors
76%
FSouthernmost mainland cityFaro
70%
Y18% of this group is unemployedYouth
68%
DRiver and namesake for a wineDouro
66%
EFormer currencyEscudo
65%
WPortuguese _______ DogWater
62%
CSecond capital, 1131-1255Coimbra
61%
TSoutheast Asian Island
half-colonized in the 16th century
Timor
58%
SPortugal's "Great Dictator"Salazar
56%
HRoman name for belowHispania
40%
QMajor city near LQueluz
25%
UThird-largest ethnic groupUkrainians
23%
O1801 Spanish invasion of
Portugal: War of the ________
Oranges
19%

Score Distribution

Percentile by Number Answered

Percent of People with Each Score

Your Score History

You have not taken this quiz